| 000 | 00709nmm a2200241 a 4500 | ||
|---|---|---|---|
| 003 | AR-BaBNM | ||
| 005 | 20251128203650.0 | ||
| 008 | 057119s1979 ||||||||||||||000 | spa|| | ||
| 040 | _cAR-BaBNM | ||
| 100 | 1 | _aPithod, Abelardo | |
| 245 | 1 | 0 |
_aSubcultura joven y religión _buna aproximación psicosocial desde la teoría de la integración |
| 260 |
_aBuenos Aires _bFundación para la Educación, la Ciencia y la Cultura _c1979 |
||
| 300 | 0 |
_a74 p. _bgráfs., tablas |
|
| 500 | 0 | _aApéndices p. 64-74 | |
| 650 | 4 | _aRELIGION | |
| 650 | 4 | _aSUBCULTURAS | |
| 650 | 4 | _aPSICOLOGIA SOCIAL | |
| 650 | 4 | _aINTEGRACION CULTURAL | |
| 650 | 4 | _aMORAL | |
| 650 | 4 | _aPERSONALIDAD | |
| 942 | _cBK | ||
| 998 | _cCarmen | ||
| 999 |
_c4389 _d4389 |
||